| 000 | 00469nam a2200157 a 4500 | ||
|---|---|---|---|
| 001 | 000028091 | ||
| 005 | 20200930031336.0 | ||
| 008 | 110406s1960 dr 000 0 spa d | ||
| 040 |
_aDO-SdBNP _bspa _cBNPHU |
||
| 082 |
_axxx _bC355a |
||
| 245 | 0 | 0 |
_aCastro el anticristo de la sierra maestra : _b9 opiniones profesionales. |
| 260 |
_aCiudad Trujillo, : _bArte y Cine, _c1960. |
||
| 300 |
_a58 p. ; _c22 cm. |
||
| 500 | _aIncluye notas al pie de páginas | ||
| 049 | _aBNPD | ||
| 999 |
_c27583 _d27583 |
||